| 000 | 00654nam a22002177a 4500 | ||
|---|---|---|---|
| 003 | 0 | ||
| 005 | 20251029152605.0 | ||
| 008 | 251029b xxu||||| |||| 00| 0 eng d | ||
| 020 | _a978-1-83659-600-4 | ||
| 050 |
_aP 96.D35 _b.R36 2025 |
||
| 100 |
_aRamirez, Austin, _eauthor. |
||
| 245 |
_aMedia and democracy / _cAustin Ramirez. |
||
| 260 |
_aLondon, UK : _bED-Tech Press, _c2025. |
||
| 300 |
_ax, 245 pages ; _c26 cm. |
||
| 504 | _aIncludes bibliographical references and index. | ||
| 650 |
_aMass media _xPolitical aspects. |
||
| 650 | _aDemocracy. | ||
| 650 | _aFreedom of the press. | ||
| 650 |
_aMass media _xSocial aspects. |
||
| 942 |
_2lcc _cBK |
||
| 999 |
_c368410 _d368410 |
||